The internet and mobile telecommunications system of innovation (Record no. 47516)

MARC details
000 -LEADER
fixed length control field 00828nam a2200217 a 4500
008 - FIXED-LENGTH DATA ELEMENTS--GENERAL INFORMATION
fixed length control field 120416s2003 ||||||||||||||||| || u
020 ## - INTERNATIONAL STANDARD BOOK NUMBER
International Standard Book Number 1843763478
050 ## - LIBRARY OF CONGRESS CALL NUMBER
Classification number TK 5103.4.885 Int
100 ## - MAIN ENTRY--PERSONAL NAME
Personal name Edquist, Charles
245 14 - TITLE STATEMENT
Title The internet and mobile telecommunications system of innovation
Statement of responsibility, etc. edited by Charles Edquist
246 ## - VARYING FORM OF TITLE
Title proper/short title development in equipment, access and content
260 ## - PUBLICATION, DISTRIBUTION, ETC.
Place of publication, distribution, etc. Cheltenham
Name of publisher, distributor, etc. Edward Elgar
Date of publication, distribution, etc. 2003.
300 ## - PHYSICAL DESCRIPTION
Extent xiv, 200p. : ill.
350 ## - PRICE (NR) (BK AM CF MU VM SE) [OBSOLETE]
Price 0.00
500 ## - GENERAL NOTE
General note Bibliography.
650 #0 - SUBJECT ADDED ENTRY--TOPICAL TERM
Topical term or geographic name entry element WIRELESS COMMUNICATION SYSTEMS
650 ## - SUBJECT ADDED ENTRY--TOPICAL TERM
Topical term or geographic name entry element WIRELESS INTERNET
650 #7 - SUBJECT ADDED ENTRY--TOPICAL TERM
Topical term or geographic name entry element TECHNOLOGY
Source of heading or term fast
700 ## - ADDED ENTRY--PERSONAL NAME
Personal name Elgar, Edward
995 ## - RECOMMENDATION 995 [LOCAL, UNIMARC FRANCE]
-- 0.00
-- CBU-MAIN LIBRARY (Kitwe)
-- 1
-- 24.00
-- 1
-- AVAILABLE
-- Aug 9, 2006
-- Main Library Open Access Collection
Holdings
Withdrawn status Lost status Source of classification or shelving scheme Damaged status Not for loan Home library Current library Shelving location Date acquired Total Checkouts Full call number Barcode Date last seen Price effective from Koha item type
          CBU-MAIN LIBRARY, KITWE. CBU-MAIN LIBRARY, KITWE.   11/30/2022   TK 5103.4.885 Int 40535 11/30/2022 11/30/2022 MONOGRAPH